[Event "FIRST SATURDAY FM MARCH 2013"]
[Site "Budapest"]
[Date "2013.02.09"]
[Round "7.3"]
[White "Farkas, Richard"]
[Black "Bohus, Adam"]
[Result "1-0"]
[WhiteElo "2121"]
[BlackElo "1888"]
[PlyCount "93"]
[EventDate "2013.02.02"]

1. e4 c5 2. Nf3 Nc6 3. Bb5 g6 4. c3 Bg7 5. d4 Qb6 6. Bxc6 bxc6 7. O-O cxd4 8.
cxd4 d5 9. exd5 cxd5 10. Nc3 Nf6 11. Re1 e6 12. Na4 Qb5 13. Nc5 O-O 14. Ne5 Ne4
15. a4 Qb6 16. Ncd7 Bxd7 17. Nxd7 Qxd4 18. Nxf8 Qxf2+ 19. Kh1 Rxf8 20. Rf1 Qh4
21. Qf3 Be5 22. Bf4 Bxb2 23. Rab1 Bd4 24. g3 Qe7 25. Kg2 Rc8 26. Rfc1 Rxc1 27.
Rxc1 Qb7 28. Qd3 Bg7 29. Qb5 Qxb5 30. Rc8+ Bf8 31. axb5 g5 32. Be3 Nd6 33. Rb8
Kg7 34. Bc5 Be7 35. Ra8 Nf5 36. Bxe7 Nxe7 37. Rxa7 Nc8 38. Rc7 Nb6 39. Rc6 Nd7
40. Rd6 Nc5 41. b6 Kf6 42. Rc6 Nd7 43. b7 d4 44. Rd6 Nb8 45. Rxd4 Ke7 46. Rc4
Kd7 47. Rc8 1-0

[Event "FIRST SATURDAY FM MARCH 2013"]
[Site "Budapest"]
[Date "2013.02.09"]
[Round "7.4"]
[White "Bartha, Sandor"]
[Black "Lukacs, Albert"]
[Result "1-0"]
[WhiteElo "2169"]
[BlackElo "1872"]
[PlyCount "52"]
[EventDate "2013.02.02"]

1. c4 e5 2. Nc3 Nf6 3. g3 Bc5 4. e3 Nc6 5. a3 d6 6. b4 Bb6 7. Bg2 O-O 8. Nge2
Bf5 9. d3 Qc8 10. h3 Re8 11. Na4 Qe6 12. Bb2 Nd7 13. g4 Bg6 14. Nec3 f5 15. Bd5
f4 16. Bxe6+ Rxe6 17. Nxb6 axb6 18. Nd5 Rc8 19. O-O f3 20. e4 Nd4 21. Bxd4 exd4
22. Qxf3 c6 23. Nf4 Rf6 24. Qg3 Ne5 25. Nxg6 Rxg6 26. f4 Re8 1-0

[Event "FIRST SATURDAY FM MARCH 2013"]
[Site "Budapest"]
[Date "2013.02.09"]
[Round "7.5"]
[White "Mayer, Istvan"]
[Black "Marcu, Simon"]
[Result "1-0"]
[WhiteElo "2027"]
[BlackElo "1910"]
[PlyCount "49"]
[EventDate "2013.02.02"]

1. e4 e6 2. d4 d5 3. e5 f5 4. c3 c5 5. Nf3 cxd4 6. cxd4 Nc6 7. Nc3 Be7 8. a3 g5
9. Nxg5 h5 10. Nf3 h4 11. h3 a6 12. Bd3 Nh6 13. Rg1 Kd7 14. Bf4 Nf7 15. Qd2 Rh5
16. Qe2 Qh8 17. Nxd5 Kd8 18. Nb6 Rb8 19. Bc4 Bg5 20. Nxg5 Nxg5 21. O-O-O Ke7
22. d5 Nd8 23. d6+ Kf8 24. d7 Nc6 25. d8=Q+ 1-0

[Event "FIRST SATURDAY FM MARCH 2013"]
[Site "Budapest"]
[Date "2013.02.10"]
[Round "8.1"]
[White "Darazs, Zoltan"]
[Black "Marcu, Simon"]
[Result "1/2-1/2"]
[WhiteElo "2109"]
[BlackElo "1910"]
[PlyCount "46"]
[EventDate "2013.02.02"]

1. d4 d5 2. Nf3 Nf6 3. b3 e6 4. c3 Be7 5. Bb2 O-O 6. Nbd2 h6 7. Rc1 c6 8. e3 b5
9. Be2 Bb7 10. O-O a5 11. Re1 Na6 12. Qc2 Qb6 13. h3 c5 14. dxc5 Nxc5 15. b4
axb4 16. cxb4 Nce4 17. Nxe4 Nxe4 18. Qb3 Bf6 19. Bxf6 gxf6 20. Rc2 Rfc8 21.
Rec1 Rxc2 22. Rxc2 Rc8 23. Rxc8+ Bxc8 1/2-1/2

[Event "FIRST SATURDAY FM MARCH 2013"]
[Site "Budapest"]
[Date "2013.02.10"]
[Round "8.2"]
[White "Lukacs, Albert"]
[Black "Mayer, Istvan"]
[Result "1/2-1/2"]
[WhiteElo "1872"]
[BlackElo "2027"]
[PlyCount "43"]
[EventDate "2013.02.02"]

1. e4 e6 2. d4 d5 3. Nc3 Nf6 4. Bd3 c5 5. Bf4 dxe4 6. Bb5+ Bd7 7. Nge2 cxd4 8.
Qxd4 a6 9. Bxd7+ Nbxd7 10. Nxe4 e5 11. Nxf6+ Qxf6 12. Qe4 Qe6 13. Bd2 Be7 14.
Bc3 Rb8 15. Rd1 Qc6 16. Qf5 Rd8 17. O-O O-O 18. Ng3 g6 19. Qe4 Qxe4 20. Nxe4 f5
21. Nd6 Nc5 22. Nc4 1/2-1/2

[Event "FIRST SATURDAY FM MARCH 2013"]
[Site "Budapest"]
[Date "2013.02.10"]
[Round "8.3"]
[White "Bohus, Adam"]
[Black "Bartha, Sandor"]
[Result "1/2-1/2"]
[WhiteElo "1888"]
[BlackElo "2169"]
[PlyCount "144"]
[EventDate "2013.02.02"]

1. d4 d5 2. Nf3 Nf6 3. c4 c6 4. e3 e6 5. Nc3 Be7 6. Qc2 O-O 7. Bd3 Nbd7 8. O-O
b6 9. cxd5 cxd5 10. Ne5 Bb7 11. f4 Rc8 12. Qe2 Ne4 13. Nxe4 dxe4 14. Bc4 Nf6
15. Bd2 Nd5 16. Bb3 f6 17. Ng4 Qe8 18. f5 h5 19. Nf2 Nc7 20. fxe6 g5 21. Nd1
Kg7 22. Rf5 Kg6 23. Qf2 Qd8 24. Nc3 Ne8 25. Bc2 Nd6 26. d5 Kg7 27. h4 b5 28.
hxg5 Nxf5 29. Qxf5 Bxd5 30. Qxd5 Qxd5 31. Nxd5 Rxc2 32. Bc3 Rxc3 33. bxc3 Re8
34. Rf1 f5 35. Nxe7 Rxe7 36. Rxf5 Rxe6 37. Rxb5 Ra6 38. Rb2 Kg6 39. Rc2 Kxg5
40. c4 Kg4 41. c5 Kg3 42. c6 Rb6 43. Rc1 Rb8 44. c7 Rc8 45. Rc5 Kg4 46. Kf2 h4
47. Ke2 Kg3 48. Rg5+ Kh2 49. Rg7 Kg1 50. Ke1 a5 51. a4 Re8 52. Re7 Rc8 53. Rxe4
Rxc7 54. Rxh4 Kxg2 55. Rh5 Kf3 56. Kd2 Rd7+ 57. Kc3 Kxe3 58. Rxa5 Rc7+ 59. Kb4
Kd4 60. Rb5 Rc8 61. a5 Rc4+ 62. Kb3 Rc8 63. Rb4+ Kd5 64. Ka4 Ra8 65. Rb6 Kc5
66. Rh6 Rg8 67. Rh5+ Kc6 68. Rh6+ Kb7 69. Rh7+ Ka6 70. Rh6+ Ka7 71. Rh7+ Ka6
72. Rh6+ Ka7 1/2-1/2

[Event "FIRST SATURDAY FM MARCH 2013"]
[Site "Budapest"]
[Date "2013.02.10"]
[Round "8.5"]
[White "Krstulovic, Alex"]
[Black "Juracsik, Jozsef"]
[Result "0-1"]
[WhiteElo "1893"]
[BlackElo "2136"]
[PlyCount "57"]
[EventDate "2013.02.02"]

1. d4 Nf6 2. c4 g6 3. Nc3 Bg7 4. e4 d6 5. Be2 O-O 6. Bg5 a6 7. Qd2 c6 8. Nf3 b5
9. a3 bxc4 10. Bxc4 Bg4 11. Qe3 Nbd7 12. O-O Bxf3 13. Qxf3 Qb6 14. Rfd1 c5 15.
d5 Ne5 16. Qe2 Nxc4 17. Qxc4 Rfb8 18. Rab1 Qb3 19. Qe2 Rb7 20. f4 h6 21. Bh4
Nh5 22. Qf1 Rab8 23. Be1 Bd4+ 24. Kh1 Nf6 25. Qd3 Ng4 26. Qf3 Ne3 27. Rdc1 Nc2
28. Qd3 Nxe1 29. Rxe1 0-1

[Event "FIRST SATURDAY FM MARCH 2013"]
[Site "Budapest"]
[Date "2013.02.11"]
[Round "9.2"]
[White "Farkas, Richard"]
[Black "Krstulovic, Alex"]
[Result "1-0"]
[WhiteElo "2121"]
[BlackElo "1893"]
[PlyCount "37"]
[EventDate "2013.02.02"]

1. e4 c6 2. Ne2 d5 3. e5 Bf5 4. Ng3 Bg6 5. h4 h6 6. h5 Bh7 7. e6 fxe6 8. d4 Qd6
9. f4 Nd7 10. Bd3 Bxd3 11. Qxd3 O-O-O 12. O-O Ngf6 13. Nd2 c5 14. c3 Kb8 15.
Nf3 Rg8 16. Re1 Ne8 17. Ne5 Nxe5 18. fxe5 Qc6 19. Qh7 1-0

[Event "FIRST SATURDAY FM MARCH 2013"]
[Site "Budapest"]
[Date "2013.02.11"]
[Round "9.4"]
[White "Mayer, Istvan"]
[Black "Bohus, Adam"]
[Result "1-0"]
[WhiteElo "2027"]
[BlackElo "1888"]
[PlyCount "49"]
[EventDate "2013.02.02"]

1. e4 e5 2. Nf3 Nc6 3. Bb5 a6 4. Ba4 Nf6 5. O-O Be7 6. Re1 b5 7. Bb3 d6 8. c3
O-O 9. a4 Bg4 10. Na3 Rb8 11. axb5 axb5 12. Nc2 Ra8 13. Rxa8 Qxa8 14. Ne3 Bh5
15. Nf5 Bg4 16. Ng3 Na5 17. Bc2 c5 18. h3 Bc8 19. d4 cxd4 20. cxd4 Nc6 21. Bg5
Qa2 22. Bb3 Qxb2 23. Re2 Qa3 24. Ra2 Qb4 25. Bd2 1-0

[Event "FIRST SATURDAY FM MARCH 2013"]
[Site "Budapest"]
[Date "2013.02.11"]
[Round "9.5"]
[White "Marcu, Simon"]
[Black "Lukacs, Albert"]
[Result "1-0"]
[WhiteElo "1910"]
[BlackElo "1872"]
[PlyCount "61"]
[EventDate "2013.02.02"]

1. d4 d5 2. Bg5 Bf5 3. e3 Nf6 4. Bd3 Ne4 5. Bh4 Qd7 6. f3 Nd6 7. b3 Nc6 8. c3
e5 9. Ne2 Be7 10. Bf2 e4 11. Bc2 exf3 12. gxf3 Bxc2 13. Qxc2 Qh3 14. Nd2 Qg2
15. Ng3 O-O-O 16. h4 Bf6 17. Ke2 Rhe8 18. Rag1 Qxh1 19. Rxh1 Bxd4 20. e4 Nb5
21. Kf1 Bxc3 22. exd5 Rxd5 23. Nde4 Nb4 24. Qb1 f5 25. Nxf5 Rxe4 26. fxe4 Rd2
27. Be1 Rxa2 28. Qd1 Nc6 29. Bxc3 Nxc3 30. Qd3 Ne2 31. Qd5 1-0